Music Quiz

Random Music or Bands Quiz

1-in-4 Shot: 00s Bands & Artists Quiz Stats

 Plays Quiz Updated Nov 19, 2020

Support Sporcle.
Go Orange.
Score 0/30 Timer 04:00
1 Play Today
Question Answer Wrong Answers
Kanye ___ West
94.8%
North
0.1%
South
0.1%
East
0.2%
___ Winehouse Amy
94.5%
Jamie
0.1%
Annie
0.4%
Tammy
0.2%
Green ___ Day
93.6%
Boy
0.5%
Dragon
0.7%
Snake
0.3%
___ Wayne Lil
93%
Big
1.1%
Fat
0.7%
Tiny
0.4%
___ Keys Alicia
92.6%
Melissa
0.3%
Marissa
0.2%
Alyssa
2.1%
Daft ___ Punk
91.9%
Hunk
0.2%
Funk
1.8%
Phunk
1.3%
Kings of ___ Leon
91.7%
Neon
1.9%
Nylon
0.6%
Siam
0.9%
Arctic ___ Monkeys
91.6%
Pandas
1.9%
Vultures
0.8%
Turtles
0.9%
___ Furtado Nelly
91.1%
Kelly
2%
Ellie
1.1%
Hailie
0.8%
The ___ Stripes White
90.3%
Red
1.7%
Black
2.3%
Pink
0.8%
___ Ferdinand Franz
88.3%
Fritz
2.9%
Freddie
2.9%
Flint
0.8%
Gnarls ___ Barkley
86.1%
Berkley
3.9%
Blakely
2%
Buckley
3.1%
Queens of the ___ Age Stone
85.5%
Ice
4.9%
Iron
2.4%
Bronze
2.4%
___ Fire Arcade
83.5%
Stadium
3.7%
Drum
1.4%
Psychic
6.2%
Fountains of ___ Wayne
73.7%
Wine
9.1%
Wheels
2.3%
Whiskey
10%
Modest ___ Mouse
73%
Monkey
8%
Mole
4.5%
Mule
9.3%
TV on the ___ Radio
72.4%
Stereo
14.6%
Amplifier
2.3%
Turntable
5.5%
___ Sisters Scissor
70.3%
Staple
7.1%
Siren
6.9%
Seven
10.8%
___ Soundsystem LCD
65.7%
OCD
10.4%
ACD
9.8%
HDI
8.8%
Animal ___ Collective
64.5%
Cage
19.2%
Algorithm
6.3%
Elevator
4.6%
___ Foxes Fleet
60%
Found
5.2%
Fancy
20.8%
Forest
8.6%
___ Impala Tame
54.8%
Gold
11.1%
Wild
18.9%
Queen
9.9%
My ___ Jacket Morning
47.8%
Smoking
30.9%
Hunting
7%
Wedding
9%
___ Stevens Sufjan
47.3%
Sultan
32.8%
Siftan
6%
Suntan
8.4%
The Airborne ___ Event Toxic
39.8%
Mystic
18.1%
Chronic
7.5%
Music
29.1%
Hot ___ Chip
36.9%
Chicks
47.9%
Chumps
6.4%
Chat
3.6%
The Black ___ Keys
29.7%
Doors
63.3%
Walls
0.9%
Windows
1.1%
Against ___! Me
28.2%
Them
12.2%
All
14.3%
Us
40.1%
___ Coulton Jonathan
25.5%
Nathaniel
22.1%
Benjamin
24.8%
David
22%
Lake Street ___ Dive
15.8%
Drive
53.9%
Five
18.2%
Pride
6.8%

You're not logged in!

Compare scores with friends on all Sporcle quizzes.
OR
Log In

From the Vault

Airport City Codes

by Derek

Next time you book your flight overseas and quickly rattle off the airport codes to your destination, think of Sporcle.
Remove Ads.
Support Sporcle.
Get the best of Sporcle when you Go Orange. This ad-free experience offers more features, more stats, and more fun while also helping to support Sporcle. Thank you for becoming a member.

Show Comments

Extras

Top Quizzes Today


Score Distribution

Your Account Isn't Verified!

In order to create a playlist on Sporcle, you need to verify the email address you used during registration. Go to your Sporcle Settings to finish the process.

Report this User

Report this user for behavior that violates our Community Guidelines.

Details: